[Event "EU-Cup 27th"]
[Site "Rogaska Slatina"]
[Date "2011.09.29"]
[Round "5"]
[White "Lofberg, Jan"]
[Black "Brechin, Hugh R"]
[Result "1/2-1/2"]
[WhiteElo "1933"]
[BlackElo "2009"]
[PlyCount "47"]
[EventDate "2011.09.25"]
[EventType "team-swiss"]
[EventRounds "7"]
[EventCountry "SLO"]
[SourceTitle "CBM 145"]
[Source "ChessBase"]
[SourceDate "2011.11.11"]
[SourceVersion "1"]
[SourceVersionDate "2011.11.11"]
[SourceQuality "1"]
[WhiteTeam "Copenhagen K41"]
[BlackTeam "Edinburgh"]
[WhiteTeamCountry "DEN"]
[BlackTeamCountry "SCO"]

1. e4 c5 2. c4 Nf6 3. g3 g6 4. Bg2 Bg7 5. Ne2 d6 6. h3 Nc6 7. Nbc3 0-0 8. 0-0 Nd4 9. d3 a6 10. Be3 Nd7 11. Kh2 Rb8 12. Rb1 b5 13. b4 bxc4 14. bxc5 Rxb1 15. Qxb1 Nxe2 16. Nxe2 cxd3 17. Qxd3 Nxc5 18. Qa3 Qb6 19. Rc1 Bb2 20. Rb1 Bxa3 21. Rxb6 Be6 22. Nc3 a5 23. Nb5 Bb4 24. a3 1/2-1/2

[Event "EU-Cup 27th"]
[Site "Rogaska Slatina"]
[Date "2011.09.27"]
[Round "3"]
[White "Lofberg, Jan"]
[Black "Mirza, Gabriel"]
[Result "1/2-1/2"]
[WhiteElo "1933"]
[BlackElo "1778"]
[PlyCount "65"]
[EventDate "2011.09.25"]
[EventType "team-swiss"]
[EventRounds "7"]
[EventCountry "SLO"]
[SourceTitle "CBM 145"]
[Source "ChessBase"]
[SourceDate "2011.11.11"]
[SourceVersion "1"]
[SourceVersionDate "2011.11.11"]
[SourceQuality "1"]
[WhiteTeam "Copenhagen K41"]
[BlackTeam "Adare"]
[WhiteTeamCountry "DEN"]
[BlackTeamCountry "IRL"]

1. e4 Nc6 2. Nc3 e5 3. f4 Bb4 4. Nf3 d6 5. Bc4 Nf6 6. d3 a6 7. 0-0 0-0 8. Nd5 Nxd5 9. Bxd5 Bc5+ 10. Kh1 Qe7 11. f5 Nb4 12. Bg5 Qe8 13. Bb3 h6 14. Bd2 Qe7 15. a3 Nc6 16. Qc1 Kh7 17. f6 Qxf6 18. Ng5+ hxg5 19. Rxf6 gxf6 20. Qd1 Kg6 21. c3 Be6 22. Bc2 Rh8 23. Be1 Be3 24. Qf3 Bf4 25. g3 g4 26. Qf2 Bg5 27. Bd2 Rh6 28. Rf1 Rah8 29. Bxg5 Kxg5 30. Qd2+ Kg6 31. Rf2 Ne7 32. d4 Rh3 33. Kg1 1/2-1/2

[Event "Copenhagen Challenge"]
[Site "Ballerup"]
[Date "2010.??.??"]
[Round "7"]
[White "Schmidt, Horst Hubert"]
[Black "Lofberg, Jan"]
[Result "1-0"]
[WhiteElo "1873"]
[BlackElo "1937"]
[PlyCount "91"]
[EventDate "2010.04.28"]
[EventType "swiss"]
[EventRounds "9"]
[EventCountry "DEN"]
[SourceTitle "EXT 2018"]
[Source "ChessBase"]
[SourceDate "2017.10.13"]
[SourceVersion "1"]
[SourceVersionDate "2017.10.13"]
[SourceQuality "1"]

1. e4 c5 2. g3 Nc6 3. Bg2 d6 4. Ne2 g6 5. Nbc3 Bg7 6. d3 Rb8 7. a4 a6 8. 0-0 b5 9. axb5 axb5 10. h3 Bd7 11. Kh2 h5 12. f4 h4 13. g4 Nf6 14. Nd5 Nxg4+ 15. hxg4 Bxg4 16. Ne3 Qd7 17. Nxg4 Qxg4 18. c3 h3 19. Bf3 Qh4 20. Be3 Ne5 21. d4 Nc4 22. Bf2 Qh6 23. b3 cxd4 24. cxd4 Nb6 25. Qd3 Nd7 26. e5 dxe5 27. dxe5 Nxe5 28. fxe5 0-0 29. Bg3 Rfd8 30. Qe4 Qd2 31. Bf4 Qb2 32. Rab1 Qa3 33. Kxh3 Rbc8 34. Nd4 Rc5 35. Rfe1 Rcd5 36. Nc6 R8d7 37. b4 Rd3 38. Re3 Rxe3 39. Bxe3 Qa2 40. Rc1 Qe6+ 41. Kg2 Qb3 42. Nd4 Qa2+ 43. Kg3 f5 44. exf6 Bxf6 45. Qxg6+ Bg7 46. Rc8+ 1-0

[Event "Copenhagen Challenge"]
[Site "Ballerup"]
[Date "2010.??.??"]
[Round "2"]
[White "Westerinen, Heikki MJ"]
[Black "Lofberg, Jan"]
[Result "1-0"]
[WhiteElo "2347"]
[BlackElo "1937"]
[PlyCount "79"]
[EventDate "2010.04.28"]
[EventType "swiss"]
[EventRounds "9"]
[EventCountry "DEN"]
[SourceTitle "EXT 2018"]
[Source "ChessBase"]
[SourceDate "2017.10.13"]
[SourceVersion "1"]
[SourceVersionDate "2017.10.13"]
[SourceQuality "1"]

1. e4 c5 2. Nf3 e6 3. Nc3 Nc6 4. Bb5 a6 5. Bxc6 bxc6 6. d3 d5 7. 0-0 Nf6 8. Re1 Be7 9. b3 Nd7 10. Na4 Nb6 11. Nxb6 Qxb6 12. c4 Bb7 13. Bb2 f6 14. Qe2 d4 15. b4 cxb4 16. Nxd4 c5 17. Nc2 Kf7 18. d4 cxd4 19. Nxd4 h5 20. Rac1 Bc5 21. Nb3 g6 22. Qf3 e5 23. Bxe5 Bxf2+ 24. Qxf2 Qxf2+ 25. Kxf2 fxe5 26. Na5 Bc8 27. Nc6 Rf8 28. Nxb4 Ke7+ 29. Ke3 Be6 30. Nd5+ Bxd5 31. cxd5 Rac8 32. Kd3 Rxc1 33. Rxc1 Rf6 34. Rc7+ Kd8 35. Rg7 Rb6 36. Kc4 Rf6 37. Kc5 Ke8 38. d6 Rf2 39. Kd5 Rxa2 40. Ke6 1-0

[Event "Valby K41 Spring-A"]
[Site "Valby"]
[Date "2009.03.17"]
[Round "1"]
[White "Lofberg, Jan"]
[Black "Jorgensen, Kasper Moller"]
[Result "0-1"]
[WhiteElo "1879"]
[BlackElo "1938"]
[PlyCount "92"]
[EventDate "2009.03.17"]
[EventType "tourn"]
[EventRounds "7"]
[EventCountry "DEN"]
[SourceTitle "EXT 2023"]
[Source "ChessBase"]
[SourceDate "2022.10.05"]
[SourceVersion "1"]
[SourceVersionDate "2022.10.05"]
[SourceQuality "1"]

1. e4 c5 2. b4 cxb4 3. a3 d5 4. exd5 Qxd5 5. Nf3 Bg4 6. Be2 Bxf3 7. gxf3 e6 8. axb4 Bxb4 9. c3 Bd6 10. c4 Qc6 11. d4 Bb4+ 12. Kf1 Ne7 13. Rg1 0-0 14. h4 Qd6 15. Bb2 Qh2 16. Bd3 Ng6 17. Bxg6 hxg6 18. Ke2 Qxh4 19. Rg4 Qe7 20. Nd2 Nd7 21. Qh1 Nf6 22. Rh4 Nh5 23. Rxh5 gxh5 24. Qxh5 Bxd2 25. Kxd2 Qf6 26. Ra5 Qh6+ 27. f4 Qxh5 28. Rxh5 g6 29. Rh4 f6 30. Ba3 Rf7 31. d5 exd5 32. cxd5 Rd7 33. d6 Rad8 34. f5 Rxd6+ 35. Bxd6 Rxd6+ 36. Ke3 gxf5 37. Rc4 Re6+ 38. Kf3 Kf7 39. Rh4 Re7 40. Rf4 Ke6 41. Rb4 a6 42. Kf4 b5 43. f3 Rc7 44. Rb1 Rc4+ 45. Kg3 b4 46. Re1+ Kd5 0-1

[Event "Valby K41 Autumn-A"]
[Site "Valby"]
[Date "2008.10.28"]
[Round "7"]
[White "Jorgensen, Rasmus"]
[Black "Lofberg, Jan"]
[Result "1/2-1/2"]
[WhiteElo "2060"]
[BlackElo "1822"]
[PlyCount "32"]
[EventDate "2008.09.09"]
[EventType "swiss"]
[EventRounds "7"]
[EventCountry "DEN"]
[SourceTitle "EXT 2023"]
[Source "ChessBase"]
[SourceDate "2022.10.05"]
[SourceVersion "1"]
[SourceVersionDate "2022.10.05"]
[SourceQuality "1"]

1. e4 e5 2. Nf3 Nc6 3. d4 exd4 4. Nxd4 Qf6 5. Be3 Qg6 6. Nb5 Kd8 7. Nd2 Nf6 8. Bf4 d6 9. e5 dxe5 10. Nc4+ Bd7 11. Bxe5 Nxe5 12. Nxe5 Bb4+ 13. c3 Re8 14. Qd4 Qf5 15. f4 Bd6 16. 0-0-0 Bxe5 1/2-1/2

[Event "Valby K41 Autumn-A"]
[Site "Valby"]
[Date "2008.10.07"]
[Round "5"]
[White "Lofberg, Jan"]
[Black "Jorgensen, Kasper Moller"]
[Result "0-1"]
[WhiteElo "1822"]
[BlackElo "1926"]
[PlyCount "28"]
[EventDate "2008.09.09"]
[EventType "swiss"]
[EventRounds "7"]
[EventCountry "DEN"]
[SourceTitle "EXT 2023"]
[Source "ChessBase"]
[SourceDate "2022.10.05"]
[SourceVersion "1"]
[SourceVersionDate "2022.10.05"]
[SourceQuality "1"]

1. e4 c5 2. Nf3 Nc6 3. d4 cxd4 4. Nxd4 Nf6 5. Nc3 d6 6. Bg5 e6 7. Qd2 Be7 8. f4 h6 9. Bxf6 Bxf6 10. Ndb5 0-0 11. 0-0-0 Qa5 12. Qxd6 a6 13. Nc7 Be7 14. b4 Qa3+ 0-1

[Event "Valby K41 Spring-A"]
[Site "Valby"]
[Date "2008.05.06"]
[Round "6"]
[White "Lofberg, Jan"]
[Black "Jensen, Soren Holm"]
[Result "1-0"]
[WhiteElo "1887"]
[BlackElo "2009"]
[PlyCount "53"]
[EventDate "2008.03.25"]
[EventType "tourn"]
[EventRounds "7"]
[EventCountry "DEN"]
[SourceTitle "EXT 2023"]
[Source "ChessBase"]
[SourceDate "2022.10.05"]
[SourceVersion "1"]
[SourceVersionDate "2022.10.05"]
[SourceQuality "1"]

1. e4 e5 2. f4 exf4 3. Nc3 Qh4+ 4. Ke2 d6 5. Nf3 Qh5 6. Nd5 Nf6 7. Nxc7+ Kd8 8. Nxa8 Nxe4 9. d3 Ng3+ 10. hxg3 Qxh1 11. Bxf4 Bg4 12. Kf2 Nc6 13. d4 f6 14. Qe1 Qh5 15. Rd1 Bxf3 16. gxf3 g5 17. g4 Qf7 18. d5 gxf4 19. dxc6 bxc6 20. Ba6 Qxa2 21. Ra1 Qd5 22. Qc3 Qc5+ 23. Qxc5 dxc5 24. Rd1+ Ke7 25. Nc7 h5 26. Bc8 hxg4 27. Rd7# 1-0

[Event "Valby K41 Autumn-B"]
[Site "Valby"]
[Date "2007.10.02"]
[Round "4"]
[White "Jorgensen, Carina Eilegaard"]
[Black "Lofberg, Jan"]
[Result "1-0"]
[WhiteElo "1780"]
[BlackElo "1940"]
[PlyCount "49"]
[EventDate "2007.09.11"]
[EventType "tourn"]
[EventRounds "7"]
[EventCountry "DEN"]
[SourceTitle "EXT 2023"]
[Source "ChessBase"]
[SourceDate "2022.10.05"]
[SourceVersion "1"]
[SourceVersionDate "2022.10.05"]
[SourceQuality "1"]

1. f4 e5 2. fxe5 d6 3. exd6 Bxd6 4. Nf3 g5 5. g3 h5 6. d4 g4 7. Nh4 Be7 8. Ng2 h4 9. Bf4 hxg3 10. Bxg3 Bd6 11. Nf4 Bf5 12. Nc3 Bb4 13. Bg2 c6 14. e4 Bxc3+ 15. bxc3 Bd7 16. 0-0 Qa5 17. Qe1 Na6 18. Nd3 Qh5 19. Ne5 f6 20. Nxd7 Kxd7 21. Rb1 b6 22. Qf2 Rf8 23. Qf4 Kc8 24. Qd6 Rd8 25. Qxc6+ 1-0

[Event "Valby K41 Autumn-B"]
[Site "Valby"]
[Date "2007.09.25"]
[Round "3"]
[White "Moller, Arne Vagn"]
[Black "Lofberg, Jan"]
[Result "0-1"]
[WhiteElo "1682"]
[BlackElo "1940"]
[PlyCount "140"]
[EventDate "2007.09.11"]
[EventType "tourn"]
[EventRounds "7"]
[EventCountry "DEN"]
[SourceTitle "EXT 2023"]
[Source "ChessBase"]
[SourceDate "2022.10.05"]
[SourceVersion "1"]
[SourceVersionDate "2022.10.05"]
[SourceQuality "1"]

1. e4 e5 2. Nf3 Nc6 3. Bb5 f5 4. Bxc6 dxc6 5. 0-0 fxe4 6. Nxe5 Qd4 7. Ng4 h5 8. c3 Bxg4 9. cxd4 Bxd1 10. Rxd1 0-0-0 11. b3 Rxd4 12. Bb2 Rd3 13. Nc3 Nf6 14. Ne2 Bb4 15. Bc3 Bxc3 16. dxc3 Rhd8 17. Re1 g5 18. h3 e3 19. fxe3 Rxe3 20. Kf2 Nd5 21. c4 Rf8+ 22. Kg1 Nb4 23. Nd4 Rfe8 24. Rxe3 Rxe3 25. Kf2 Rd3 26. Ne6 Rd2+ 27. Kg3 Rd3+ 28. Kf2 Nc2 29. Rc1 Rd2+ 30. Kg3 Nd4 31. Nxd4 Rxd4 32. Rc2 h4+ 33. Kf3 a5 34. Ke3 Rf4 35. Rd2 a4 36. Rd4 axb3 37. axb3 Rf5 38. b4 b6 39. Rg4 Kd7 40. g3 hxg3 41. Rxg3 Ke6 42. Rg4 Re5+ 43. Kf3 b5 44. h4 gxh4 45. Rxh4 bxc4 46. Rxc4 Kd6 47. Kf4 c5 48. bxc5+ Rxc5 49. Rd4+ Kc6 50. Ke4 Kb5 51. Kd3 Rc1 52. Kd2 Rc4 53. Rd8 Kc5 54. Rc8 c6 55. Kd3 Rh4 56. Kc3 Rh7 57. Kd2 Kb5 58. Ra8 c5 59. Rf8 Rh4 60. Rb8+ Kc4 61. Ra8 Rh2+ 62. Ke3 Kc3 63. Rc8 c4 64. Rc7 Rh3+ 65. Ke4 Rd3 66. Rc8 Rd7 67. Rc6 Kb3 68. Rb6+ Kc2 69. Ke3 c3 70. Ke2 Re7+ 0-1